Statistiques concernant Règne de Louis XIII

Cliquez ici pour prendre le quiz!

Statistiques générales

  • Ce quiz a été pris 77 fois
    (76 depuis la dernière actualisation)
  • Le résultat moyen est 12 sur 21

Statistiques - réponses

QuestionRéponse% Correct
Son épouse royaleAnne d'{Autriche}
98%
Sa dynastieBourbon
96%
Écclésiastique qui fut son principal ministreRichelieu
94%
Sa mère, qui se chargea de sa régenceMarie de {Médicis}
90%
Louis XIII fit construire un pavillon de chasse sur le futur site
de cet important édifice
Château de Versailles
88%
Lieu de son sacre en 1610Reims
88%
Institution de prestige fondée en 1635Académie française
73%
Pratique de combat interdite en 1626 qui pouvait être punie par la peine de mortDuel
67%
Ville protestante assiégée en 1627La Rochelle
62%
Période de l'histoire de France qui débute sous son règneGrand {Siècle}
60%
Plus ancien des ponts parisiens, inauguré en 1613Pont Neuf
60%
Il entre dans ce conflit majeur en 1635, l'opposant aux HabsbourgsGuerre de {Trente} {Ans}
54%
Il finance les expéditions de cet explorateur du CanadaSamuel de {Champlain}
48%
Château dans lequel il nacquit en 1601Fontainebleau
42%
Celle-ci est forcé à l'exil lors de cet évenementJournée des {Dupes}
40%
Son surnom, en référence à sa piétéLe {Juste}
40%
Premier journal français, crée par RenaudotLa {Gazette}
33%
Louis XIII jouait de cet instrument à cordeLuth
27%
Il meurt de cette maladie à 41 ansTuberculose
25%
Complot contre le roi en 1642, rapidement déjouéConspiration de {Cinq}-{Mars}
12%
Complot contre le roi et son ministre en 1626Conspiration de {Chalais}
4%

Distribution des résultats

Percentile par nombre de réponses

% des personnes avec chaque résultat

Votre développement - résultats

Vous n’avez pas pris ce quiz depuis la dernière actualisation